Ochrana duševného vlastníctva v podmienkach vysokých škôl

Štvrtý ročník medzinárodnej konferencie Ochrana duševného vlastníctva v podmienkach vysokých škôl, ktorý sa konal 13. novembra 2012 na pôde Žilinskej univerzity v Žiline.

Salvato in:
Dettagli Bibliografici
Autore principale: Šípoš, Július
Natura: Capitolo di libro
Lingua:slovacco
Soggetti:
Tags: Aggiungi Tag
Nessun Tag, puoi essere il primo ad aggiungerne!!

MARC

LEADER 00000naa a2200000 4500
001 0163558
005 20220729111127.4
041 0 |a slo 
044 |a SK 
245 1 0 |a Ochrana duševného vlastníctva v podmienkach vysokých škôl  |c Július Šípoš 
520 |a Štvrtý ročník medzinárodnej konferencie Ochrana duševného vlastníctva v podmienkach vysokých škôl, ktorý sa konal 13. novembra 2012 na pôde Žilinskej univerzity v Žiline. 
610 2 0 |a vlastníctvo duševné 
610 2 0 |a právo značkové 
610 2 0 |a patenty 
610 2 0 |a ochrana práv priemyselných 
610 2 0 |a konferencie 
610 2 0 |a školy vysoké 
100 1 |a Šípoš, Július